000 00429nam a22001577a 4500
005 20170409143258.0
008 170409b xxu||||| |||| 00| 0 eng d
020 _a81-204-1599-X
041 _aeng
100 _aSINGH, CHHIDDA., SINGH, PREM AND SINGH, RAJBIR
_93848
245 _aMODERN TECHNIQUES OF RAISING FIELD CROPS
250 _a2ND
260 _aNEW DELHI
_bOXFORD & I B H PUBLISHING
_c1983
300 _a583
942 _cBK
999 _c5445
_d5443